| 000 | 00416nam a22001697a 4500 | ||
|---|---|---|---|
| 003 | CEME | ||
| 005 | 20210628203113.0 | ||
| 008 | 210120b xxu||||| |||| 00| 0 eng d | ||
| 040 | _c. | ||
| 082 | _a910.4 TAR | ||
| 100 |
_aTarar, Mustansar Hussain _93135 |
||
| 245 | _aSnow lak | ||
| 260 |
_aLAHORE _bSANG-E-MEEL PUB _c2003 |
||
| 300 | _a504P | ||
| 650 |
_aURDU ADAB-SAFAR NAME-SNOW LAK _963322 |
||
| 942 |
_cBK _2ddc |
||
| 999 |
_c572185 _d572185 |
||